|
|
|
|
| LEADER |
00889nam a2200241 a 4500 |
| 001 |
896840 |
| 008 |
100216b pk b 000 0 eng d |
| 010 |
|
|
|a 80930155
|
| 040 |
|
|
|a DLC
|c DLC
|d DLC
|
| 082 |
0 |
0 |
|a 340.5/9
|2 19
|
| 100 |
1 |
|
|a Coulson, Noel J.
|
| 245 |
1 |
2 |
|a A history of Islamic law /
|c by N.J. Coulson.
|
| 250 |
|
|
|a Pakistan ed. /
|b by M. Farani.
|
| 260 |
|
|
|a Lahore :
|b Lahore Law Times Publications.
|
| 300 |
|
|
|a 129 p. ;
|c 24 cm.
|
| 504 |
|
|
|a Includes Bibliography (p. 126-129.)
|
| 500 |
|
|
|a "Glossary of Arabic legal terms": p. 122-125.
|
| 541 |
1 |
|
|e 00010197
|
| 650 |
|
0 |
|a Islamic law
|x History.
|
| 700 |
1 |
|
|a Farani, M.
|q (Merajuddin),
|d 1935-
|
| 852 |
4 |
|
|a Ayesha Abed Library
|j General shelf
|
| 999 |
|
|
|c 7608
|d 7608
|
| 952 |
|
|
|0 0
|1 0
|2 ddc
|4 0
|6 340_590000000000000_COU
|7 0
|9 8306
|a BRACUL
|b BRACUL
|c GEN
|d 2010-02-18
|l 4
|m 5
|o 340.59 COU
|p 3010010197
|r 2017-12-20
|s 2017-11-27
|t 1
|w 2010-02-18
|y BK
|